Annual report 2018 (Record no. 511973)
[ view plain ]
| 000 -LEADER | |
|---|---|
| fixed length control field | 00386cam a22001337a 4500 |
| 008 - FIXED-LENGTH DATA ELEMENTS--GENERAL INFORMATION | |
| fixed length control field | 180718b2012 xxu||||| |||| 00| 0 eng d |
| 082 ## - DEWEY DECIMAL CLASSIFICATION NUMBER | |
| Classification number | A45:K782 In2/18 |
| 100 ## - MAIN ENTRY--PERSONAL NAME | |
| Personal name | Government of India |
| 9 (RLIN) | 12535 |
| 245 ## - TITLE STATEMENT | |
| Title | Annual report 2018 |
| Statement of responsibility, etc | Central vigilance commission |
| 260 ## - PUBLICATION, DISTRIBUTION, ETC. (IMPRINT) | |
| Place of publication, distribution, etc | New Delhi |
| Name of publisher, distributor, etc | Central vigilance commission |
| Date of publication, distribution, etc | 2019 |
| 300 ## - PHYSICAL DESCRIPTION | |
| Extent | 236p. |
| 650 ## - SUBJECT ADDED ENTRY--TOPICAL TERM | |
| Topical term or geographic name as entry element | Vigilance |
| 9 (RLIN) | 12536 |
| 942 ## - ADDED ENTRY ELEMENTS (KOHA) | |
| Source of classification or shelving scheme | |
No items available.
